000 00531nam a22001697a 4500
005 20180712102831.0
020 _a0070583528
_c00.00
035 _aB-157981,B-157478
037 _aDPL
_bENG
100 _aRajani, Renu
245 _aSoftware testing :
_bEffective methods, tools and techniques /
_cby Renu Rajani and Pradeep Oak
250 _a3rd rpr.
260 _aNew Dehli
_bTata McGraw-Hill Publishing
_c2006
300 _axxi, 311p.
_c22 cms.
700 _aOak, Pradeep
_941190
942 _2ddc
_cEN
_h005.3
_mREN
999 _c62262
_d62262